| 000 | 00464nam a2200193Ia 4500 | ||
|---|---|---|---|
| 008 | 180207s9999 xx 000 0 und d | ||
| 020 | _a9780439876438 | ||
| 050 | _bS974 2006 | ||
| 100 | _aSweeney, Alyse | ||
| 245 | _aFloods! / | ||
| 245 | _cby Alyse Sweeney. | ||
| 260 | _aNew York : | ||
| 260 | _bScholastic, | ||
| 260 | _c2006 | ||
| 300 | _a16 pages : | ||
| 300 | _bcolor illustrations ; | ||
| 300 | _c22cm. | ||
| 440 | _aScience vocabulary readers. | ||
| 999 |
_c355601 _d355601 |
||